[Event "50th Rilton Cup 2022-23"]
[Site "Stockholm SWE"]
[Date "2022.12.27"]
[Round "1.23"]
[White "Parkhov, Yair"]
[Black "Torngren, Gustav"]
[Result "1-0"]
[WhiteTitle "IM"]
[BlackTitle "FM"]
[WhiteElo "2470"]
[BlackElo "2275"]
[WhiteFideId "2813408"]
[BlackFideId "1728970"]
[EventDate "2022.12.27"]

1. d4 d5 2. c4 e6 3. Nf3 Nf6 4. g3 Ne4 5. Bg2 Be7 6. O-O f5 7. Nc3 c6 8. Nxe4
dxe4 9. Ne5 Nd7 10. Nxd7 Bxd7 11. Bf4 O-O 12. c5 b6 13. b4 Be8 14. f3 Bg6 15.
fxe4 fxe4 16. e3 Qd5 17. Qc2 Rac8 18. Rf2 Bf6 19. Bd6 Rfd8 20. Raf1 e5 21. dxe5
Bxe5 22. Bh3 Bxd6 23. Bxc8 Bxc5 24. bxc5 Rxc8 25. Rd1 Qxc5 26. Qxc5 bxc5 27.
Rfd2 Kf7 28. Rd8 Rxd8 29. Rxd8 Ke7 30. Ra8 c4 31. Rxa7+ Kd6 32. Kf2 Kc5 33. Ke1
c3 34. Kd1 Kc4 35. Kc2 c5 36. Ra4+ Kb5 37. Ra3 c4 38. Kxc3 Bh5 39. Ra7 1-0

[Event "50th Rilton Cup 2022-23"]
[Site "Stockholm SWE"]
[Date "2022.12.27"]
[Round "1.24"]
[White "Mertanen, Janne"]
[Black "Wadsworth, Matthew J"]
[Result "0-1"]
[WhiteTitle "FM"]
[BlackTitle "IM"]
[WhiteElo "2269"]
[BlackElo "2470"]
[WhiteFideId "501875"]
[BlackFideId "415804"]
[EventDate "2022.12.27"]

1. d4 d5 2. Bf4 Nf6 3. e3 c5 4. c3 Qb6 5. Qb3 c4 6. Qc2 g6 7. Nd2 Bf5 8. Qc1 Nc6
9. h3 Bg7 10. Ngf3 O-O 11. Be2 Ne4 12. Nxe4 Bxe4 13. O-O Rac8 14. Bg3 Bf5 15.
Bd1 Bd3 16. Re1 f6 17. b3 e5 18. bxc4 Bxc4 19. Rb1 Qa6 20. Qb2 Rf7 21. Bb3 Bxb3
22. Qxb3 e4 23. Nd2 Rd8 24. c4 Na5 25. Qa4 f5 26. cxd5 Rxd5 27. Nb3 Qc6 28. Qxc6
Nxc6 29. Nc5 Nd8 30. Rec1 g5 31. Bb8 b6 32. Na4 Ra5 33. Nc3 Nc6 34. Bd6 Rf6 35.
Bh2 Bf8 36. Rb5 Nb4 37. Rxa5 bxa5 38. a4 Rc6 39. Ne2 Rxc1+ 40. Nxc1 Nd5 41. Bb8
a6 42. Kf1 Kf7 43. g4 fxg4 44. hxg4 Ke6 45. Ne2 Nf6 46. Bc7 Nxg4 47. Bxa5 Nf6
48. Nc3 g4 49. Bd8 Bb4 50. Bxf6 Bxc3 51. Bg5 Bb4 52. Kg2 Kf5 53. Bf4 h5 54. Kg3
Be7 55. d5 h4+ 56. Kg2 Bf6 57. Kg1 Kg6 58. Bc7 Kf7 59. Bd6 Ke8 60. Kf1 Kd7 61.
Bf4 Be7 62. Be5 Bd6 63. Bf6 h3 64. Bd4 Bc7 65. Bc5 Bd8 66. Bb4 Be7 67. Bc3 Kc7
68. Ba5+ Kd7 69. Bc3 Bh4 70. Be5 Bd8 71. Bf4 Bc7 72. Bh6 Bd6 73. Bg7 Kc7 74. Bd4
Bb4 75. Bg7 Kb6 76. Bd4+ Bc5 77. Be5 Be7 78. Bd4+ Ka5 79. Ba7 Bd6 0-1

[Event "50th Rilton Cup 2022-23"]
[Site "Stockholm SWE"]
[Date "2022.12.27"]
[Round "1.25"]
[White "Gorshtein, Ido"]
[Black "Schenderowitsch, Michael"]
[Result "1-0"]
[WhiteTitle "IM"]
[BlackTitle "FM"]
[WhiteElo "2469"]
[BlackElo "2269"]
[WhiteFideId "2815532"]
[BlackFideId "4661923"]
[EventDate "2022.12.27"]

1. c4 Nf6 2. g3 c6 3. Bg2 d5 4. Nf3 Bf5 5. O-O e6 6. d3 dxc4 7. dxc4 Qxd1 8.
Rxd1 Nbd7 9. Nc3 e5 10. b3 Bb4 11. Bb2 Ba5 12. h3 h6 13. Nh4 Bh7 14. g4 O-O 15.
Rac1 Rfe8 16. Nf5 Bb4 17. a3 Bf8 18. Nd6 Bxd6 19. Rxd6 Nc5 20. b4 Nce4 21. Nxe4
Bxe4 22. f3 Bg6 23. Kf2 Rac8 24. h4 h5 25. g5 Nh7 26. Bh3 Rc7 27. e4 Nf8 28.
Rcd1 Rce7 29. a4 a6 30. c5 Nh7 31. Ke3 f6 32. Rg1 Kf7 33. b5 cxb5 34. axb5 axb5
35. Bd7 Ra8 36. Bxb5 Nf8 37. Bc4+ Ke8 38. gxf6 gxf6 39. Rxf6 Bf7 40. Bb5+ Nd7
41. Rd1 Rd8 42. Rfd6 Be6 43. Bxe5 Kf7 44. Bf4 1-0

[Event "50th Rilton Cup 2022-23"]
[Site "Stockholm SWE"]
[Date "2022.12.27"]
[Round "1.26"]
[White "Stefanou, Dimitrios"]
[Black "Dann, Matthias"]
[Result "1/2-1/2"]
[BlackTitle "IM"]
[WhiteElo "2266"]
[BlackElo "2465"]
[WhiteFideId "25825011"]
[BlackFideId "24638056"]
[EventDate "2022.12.27"]

1. Nf3 Nf6 2. g3 d6 3. d4 Nbd7 4. c4 e5 5. Nc3 Be7 6. Bg2 O-O 7. O-O c6 8. e4 a6
9. Re1 Re8 10. a3 Qc7 11. h3 b5 12. cxb5 axb5 13. Bg5 Qb8 14. d5 cxd5 15. Nxd5
Nxd5 16. Qxd5 Nf6 17. Qd2 h6 18. Bxf6 Bxf6 19. Red1 Be7 20. Ne1 Be6 21. Nd3 Bg5
22. Qe2 Bb3 23. Re1 Bc4 24. h4 Bd8 25. Qd1 Bb6 26. b3 Be6 27. Nb4 Bc5 28. Nd5
Bd4 29. Ra2 Ra7 30. Qd3 Rc8 31. Kh2 Rc5 32. Ree2 Qb7 33. Rec2 Ra8 34. b4 Rcc8
35. f4 Kh8 36. f5 Bd7 37. f6 Be6 38. fxg7+ Kxg7 39. Qf3 Qd7 40. Bf1 Bxd5 41.
exd5 f5 42. Bh3 e4 43. Qxe4 fxe4 44. Bxd7 Rxc2+ 45. Rxc2 Rxa3 46. Bxb5 Be5 47.
Re2 Rxg3 48. Rg2 Rxg2+ 49. Kxg2 Bc3 50. Kg3 Bxb4 51. Kf4 Kf6 1/2-1/2

[Event "50th Rilton Cup 2022-23"]
[Site "Stockholm SWE"]
[Date "2022.12.27"]
[Round "1.27"]
[White "Pantzar, Milton"]
[Black "Valkama, Eero"]
[Result "1-0"]
[WhiteTitle "IM"]
[BlackTitle "FM"]
[WhiteElo "2465"]
[BlackElo "2263"]
[WhiteFideId "1721003"]
[BlackFideId "507555"]
[EventDate "2022.12.27"]

1. d4 Nf6 2. Nf3 e6 3. g3 d5 4. Bg2 Be7 5. O-O b5 6. a4 b4 7. c4 c6 8. Nbd2 O-O
9. Re1 Nbd7 10. e4 a5 11. e5 Ne8 12. h4 dxc4 13. Nxc4 Ba6 14. b3 c5 15. Ng5 Rc8
16. d5 exd5 17. Bxd5 Nc7 18. Qh5 Bxg5 19. Bxg5 Qe8 20. Nd6 Nxd5 21. Nxe8 Rfxe8
22. Rad1 Bb7 23. Bf4 Re6 24. Qf5 N7b6 25. h5 c4 26. bxc4 Nxc4 27. Rd3 Bc6 28.
Rc1 Ncb6 29. Bd2 Rce8 30. f4 Bxa4 31. Qe4 Nf6 32. Qf3 Nfd7 33. Rc7 Bb5 34. Rd4
Nb8 35. Qb7 N8d7 36. Rdxd7 Bxd7 37. Rxd7 Nxd7 38. Qxd7 Rb8 39. Qa7 Reb6 40. Bc1
Rb5 41. Bb2 h6 42. e6 R5b7 43. exf7+ Kxf7 44. Qxa5 Kg8 45. Qd5+ Kh8 46. Be5 Rb5
47. Qd6 R5b6 48. Qxb8+ 1-0

[Event "50th Rilton Cup 2022-23"]
[Site "Stockholm SWE"]
[Date "2022.12.27"]
[Round "1.28"]
[White "Ruiz Buendia, Miguel"]
[Black "Zumsande, Martin"]
[Result "1/2-1/2"]
[WhiteTitle "FM"]
[BlackTitle "IM"]
[WhiteElo "2257"]
[BlackElo "2465"]
[WhiteFideId "24537675"]
[BlackFideId "4651324"]
[EventDate "2022.12.27"]

1. e4 e6 2. d4 d5 3. Nc3 Nf6 4. Bg5 Be7 5. e5 Nfd7 6. h4 h6 7. Bxe7 Qxe7 8. f4
a6 9. Nf3 c5 10. Qd2 Nc6 11. Ne2 b5 12. O-O-O c4 13. f5 Nb6 14. Nf4 exf5 15. e6
Bxe6 16. Re1 O-O-O 17. g3 Qd6 18. Bg2 Rhe8 19. Re3 Bd7 20. Rhe1 Re4 21. Ra3 Kb7
22. Ne5 Rxe1+ 23. Qxe1 Nxe5 24. dxe5 Qc5 25. h5 Bc6 26. e6 Re8 27. Re3 Ka7 28.
Re5 fxe6 29. Nxe6 Qd6 30. Nd4 Rc8 31. Re7+ Ka8 32. Nxf5 Qf6 33. Qf2 Bb7 34. Rxg7
Na4 35. c3 Nc5 36. Kb1 Rf8 37. Qxc5 Qxf5+ 38. Kc1 Rc8 39. Qe7 Rb8 40. Qf7 Qe5
41. Kd2 b4 42. Bf3 bxc3+ 43. bxc3 Qd6 44. Rg8 Qb6 45. Rxb8+ Kxb8 46. Qe8+ Ka7
47. Qe3 d4 48. cxd4 Bxf3 49. Qxf3 Qb2+ 50. Ke3 c3 51. Qf7+ Kb6 52. Qb3+ Ka5 53.
Kd3 Qd2+ 54. Kc4 c2 55. Qa3+ Kb6 56. Qd6+ Kb7 57. Qd7+ Kb8 58. Qd8+ Kb7 1/2-1/2

[Event "50th Rilton Cup 2022-23"]
[Site "Stockholm SWE"]
[Date "2022.12.27"]
[Round "1.29"]
[White "Sardana, Rishi"]
[Black "Vagman, Roy"]
[Result "1-0"]
[WhiteTitle "IM"]
[BlackTitle "FM"]
[WhiteElo "2460"]
[BlackElo "2255"]
[WhiteFideId "25004301"]
[BlackFideId "2828995"]
[EventDate "2022.12.27"]

1. Nf3 d5 2. e3 Nf6 3. c4 c6 4. Nc3 g6 5. d4 Bg7 6. Be2 O-O 7. O-O Nbd7 8. b3
dxc4 9. bxc4 Qc7 10. Ba3 Re8 11. e4 e5 12. d5 Qa5 13. Bb2 Nc5 14. Nd2 Bh6 15.
Qc2 Qd8 16. Rfd1 cxd5 17. cxd5 b6 18. Nb3 Nxb3 19. axb3 Bd7 20. d6 a5 21. Nb5
Bxb5 22. Bxb5 Rc8 23. Qd3 Rf8 24. d7 Rc5 25. Ba3 Nh5 26. g3 Bg5 27. Bxc5 bxc5
28. Qd6 Ng7 29. Bc4 Be7 30. Qa6 Kh8 31. Qxa5 Qb8 32. Qa7 Qb4 33. Qc7 Bd8 34. Qd6
Kg8 35. Ra8 Qb7 36. Qxf8+ 1-0

[Event "50th Rilton Cup 2022-23"]
[Site "Stockholm SWE"]
[Date "2022.12.27"]
[Round "1.30"]
[White "Wernberg, Hugo"]
[Black "Sorensen, Hampus"]
[Result "0-1"]
[WhiteTitle "FM"]
[BlackTitle "IM"]
[WhiteElo "2255"]
[BlackElo "2442"]
[WhiteFideId "1737511"]
[BlackFideId "8703884"]
[EventDate "2022.12.27"]

1. d4 Nf6 2. Nf3 d5 3. Nbd2 Bf5 4. e3 e6 5. b3 c5 6. Bb2 cxd4 7. Nxd4 Bg6 8. Be2
Bd6 9. O-O O-O 10. c4 a6 11. N4f3 h6 12. Ne5 Bf5 13. Ndf3 Qe7 14. Qd4 Nc6 15.
Qh4 Rfc8 16. cxd5 exd5 17. Nxc6 bxc6 18. Bxf6 Qxf6 19. Qxf6 gxf6 20. Nd4 Bd7 21.
Bd3 Rc7 22. Rac1 c5 23. Nf5 Bf8 24. Ng3 a5 25. e4 dxe4 26. Nxe4 Be7 27. Nc3 Bc6
28. Rfe1 Rd8 29. Be4 Kf8 30. Bxc6 Rxc6 31. Kf1 c4 32. bxc4 Rxc4 33. Ne4 Rdc8 34.
Rxc4 Rxc4 35. Ng3 Bb4 36. Rd1 Rc5 37. h4 f5 38. Ne2 Rc2 39. Nd4 Rxa2 40. Nxf5
Ke8 41. Nxh6 a4 42. Nf5 a3 43. Nd4 Rb2 44. Nc6 Bd2 45. Ke2 a2 46. g3 Kf8 47.
Rxd2 Rxd2+ 48. Kxd2 a1=Q 49. Nb4 Qa5 50. Kc3 Qc5+ 0-1

[Event "50th Rilton Cup 2022-23"]
[Site "Stockholm SWE"]
[Date "2022.12.27"]
[Round "1.31"]
[White "Miezis, Normunds"]
[Black "Kukreja, Sankalp"]
[Result "1-0"]
[WhiteTitle "GM"]
[BlackTitle "CM"]
[WhiteElo "2441"]
[BlackElo "2254"]
[WhiteFideId "11600136"]
[BlackFideId "45027676"]
[EventDate "2022.12.27"]

1. c4 e5 2. Nc3 Nf6 3. Nf3 Nc6 4. g3 d5 5. cxd5 Nxd5 6. Bg2 Nb6 7. O-O Be7 8. d3
O-O 9. Be3 Re8 10. Rc1 Bf8 11. Ne4 Nd4 12. Nc5 Bxc5 13. Rxc5 Qd6 14. b4 Nc6 15.
Ng5 h6 16. Ne4 Qe7 17. b5 Nd4 18. Bxd4 exd4 19. Qc2 f5 20. Nd2 Qxe2 21. Bf3 Qe7
22. Rxc7 Qd6 23. Nb3 Be6 24. Bxb7 Rab8 25. Qc5 Qxc5 26. Nxc5 Bxa2 27. Bc6 Re5
28. Na6 Rc8 29. Rxa7 Bd5 30. Nb4 Kh7 31. f4 Re2 32. Nxd5 Rxc6 33. bxc6 Nxd5 34.
Rd7 Ne3 35. Rc1 1-0

[Event "50th Rilton Cup 2022-23"]
[Site "Stockholm SWE"]
[Date "2022.12.27"]
[Round "1.32"]
[White "Westerinen, Heikki M.J."]
[Black "Alonso Garcia, Aaron"]
[Result "0-1"]
[WhiteTitle "GM"]
[BlackTitle "IM"]
[WhiteElo "2253"]
[BlackElo "2439"]
[WhiteFideId "500020"]
[BlackFideId "24521060"]
[EventDate "2022.12.27"]

1. e4 c5 2. Nf3 e6 3. c3 Nf6 4. d3 Nc6 5. Be2 d5 6. e5 Ng4 7. d4 Qb6 8. O-O Be7
9. h3 Nh6 10. Bxh6 gxh6 11. Qd2 Bd7 12. dxc5 Bxc5 13. Na3 Bxa3 14. bxa3 Qc5 15.
Rab1 b6 16. Qxh6 O-O-O 17. Qe3 Qxe3 18. fxe3 Rhg8 19. Bb5 Kb7 20. Rbe1 Na5 21.
Nd4 Rg7 22. e4 Bxb5 23. Nxb5 Nc4 24. exd5 Rxd5 25. Nd6+ Nxd6 26. exd6 Rxd6 27.
Rd1 Kc6 28. Rxd6+ Kxd6 29. a4 f5 30. Kf2 Rc7 31. Rd1+ Ke5 32. Rd3 Rc4 33. a5
bxa5 34. Ke3 h5 35. g3 h4 36. Kf3 hxg3 37. Kxg3 Ke4 38. Rf3 e5 39. h4 f4+ 40.
Kg2 Kf5 41. h5 Ra4 42. Rf2 Kg5 43. Rd2 Re4 44. Rd5 a4 45. c4 Kxh5 46. Ra5 Kg4
47. Rxa4 f3+ 48. Kf1 Kg3 49. Rxa7 Rxc4 50. Rg7+ Kf4 0-1

[Event "50th Rilton Cup 2022-23"]
[Site "Stockholm SWE"]
[Date "2022.12.27"]
[Round "1.33"]
[White "Koelle, Tobias"]
[Black "Muetsch, Annmarie"]
[Result "1/2-1/2"]
[WhiteTitle "FM"]
[BlackTitle "WIM"]
[WhiteElo "2439"]
[BlackElo "2251"]
[WhiteFideId "16207378"]
[BlackFideId "12971367"]
[EventDate "2022.12.27"]

1. d4 Nf6 2. c4 g6 3. Nc3 Bg7 4. e4 d6 5. h3 O-O 6. Be3 c5 7. Nf3 Qa5 8. Bd3 Nc6
9. O-O cxd4 10. Nxd4 Nxd4 11. Bxd4 Be6 12. Be2 Rac8 13. Nd5 Nxd5 14. exd5 Bd7
15. Bxg7 Kxg7 16. a3 Qb6 17. b4 e6 18. dxe6 Bxe6 19. Rc1 a5 20. Qd2 axb4 21.
axb4 Rfd8 22. Rfd1 Kg8 23. h4 h5 24. Re1 Rd7 25. Bd3 Qd4 26. Re4 Qg7 27. Be2
Rcd8 28. Rd4 b6 29. Bf3 Qf8 30. Bc6 Rc7 31. b5 Ra7 32. Re1 Ra4 33. Qc2 Ra7 34.
Qe4 Kg7 35. Rdd1 Kg8 36. Qd4 Ra4 37. Qxb6 Rxc4 38. Rd4 Rxd4 39. Qxd4 d5 40. b6
Qd6 41. Rc1 Rb8 42. b7 Qc7 43. Rc3 Rxb7 44. Bxb7 Qxb7 45. Rc1 Qe7 46. Ra1 Qf8
47. Re1 Qg7 48. Re5 Qh6 49. Kh2 Kh7 50. f3 Kg8 51. Re1 Qg7 52. Qf4 Kh7 53. Rb1
Qh6 54. Qd6 Qg7 55. Rb4 Qf6 56. Ra4 Qg7 57. Ra7 Qd4 58. Qe7 Qe5+ 59. Kh1 Qe1+ 1/2-1/2

[Event "50th Rilton Cup 2022-23"]
[Site "Stockholm SWE"]
[Date "2022.12.27"]
[Round "1.34"]
[White "Ornstein, Axel"]
[Black "Petursson, Margeir"]
[Result "0-1"]
[WhiteTitle "IM"]
[BlackTitle "GM"]
[WhiteElo "2249"]
[BlackElo "2437"]
[WhiteFideId "1700111"]
[BlackFideId "2300028"]
[EventDate "2022.12.27"]

1. e4 c5 2. Nf3 d6 3. d4 cxd4 4. Nxd4 Nf6 5. Nc3 a6 6. Bc4 e6 7. a3 Nc6 8. Be3
Be7 9. O-O O-O 10. f4 d5 11. exd5 exd5 12. Be2 Re8 13. Nxc6 bxc6 14. Bd4 Rb8 15.
b4 a5 16. Be5 Bd6 17. bxa5 Rxe5 18. fxe5 Bxe5 19. Rb1 Ra8 20. Na2 Qxa5 21. Nb4
Qc7 22. h3 Ne4 23. Rf3 Be6 24. Qd3 Qb6+ 25. Kf1 c5 26. c4 Nc3 27. cxd5 Bd7 28.
Qe3 Nxb1 29. Bd3 Bb5 30. Ke1 Bxd3 31. Nxd3 Qa5+ 32. Ke2 Bd4 0-1

[Event "50th Rilton Cup 2022-23"]
[Site "Stockholm SWE"]
[Date "2022.12.27"]
[Round "1.35"]
[White "Wiedenkeller, Michael"]
[Black "Aditya, Varun Gampa"]
[Result "1-0"]
[WhiteTitle "IM"]
[WhiteElo "2435"]
[BlackElo "2249"]
[WhiteFideId "1700146"]
[BlackFideId "45066183"]
[EventDate "2022.12.27"]

1. d4 e6 2. c4 Nf6 3. g3 d5 4. Bg2 dxc4 5. Nf3 c5 6. O-O Nc6 7. Qa4 Bd7 8. Qxc4
cxd4 9. Nxd4 Rc8 10. Nc3 Nxd4 11. Qxd4 Bc5 12. Qh4 O-O 13. Bxb7 Rb8 14. Bf3 Rb4
15. Qg5 Qb6 16. Qd2 Rd8 17. a3 Rb3 18. Qc2 Rc8 19. Qd3 Bb5 20. Qd1 Be8 21. Bg5
Bd4 22. Rc1 Rd8 23. Qe1 Rxb2 24. Ne4 a5 25. Nxf6+ gxf6 26. Bh6 a4 27. Rc4 Qb3
28. Qc1 Kh8 29. Rxd4 Rxd4 30. Qc5 1-0

[Event "50th Rilton Cup 2022-23"]
[Site "Stockholm SWE"]
[Date "2022.12.27"]
[Round "1.36"]
[White "Rasti, Arvin"]
[Black "Prraneeth, Vuppala"]
[Result "0-1"]
[BlackTitle "IM"]
[WhiteElo "2249"]
[BlackElo "2427"]
[WhiteFideId "1741160"]
[BlackFideId "46622373"]
[EventDate "2022.12.27"]

1. d4 Nf6 2. Nf3 d5 3. c4 e6 4. Bg5 h6 5. Bxf6 Qxf6 6. Qb3 c6 7. Nc3 Nd7 8. e4
dxe4 9. Nxe4 Qf5 10. Bd3 Qa5+ 11. Nc3 g6 12. O-O Bg7 13. Rfe1 O-O 14. Qc2 Qc7
15. Qe2 Re8 16. Ne5 c5 17. Nb5 Qb6 18. Rac1 a6 19. Nxd7 Bxd7 20. dxc5 Qxc5 21.
b4 Qc6 22. Nc3 Qc7 23. Be4 Rad8 24. c5 Kh7 25. g3 f5 26. Bf3 e5 27. Nd5 Qb8 28.
Nb6 Bb5 29. Qc2 Bd3 30. Qb3 e4 31. Be2 f4 32. Bxd3 Rxd3 33. Qc2 fxg3 34. hxg3
Bd4 35. Kg2 Rf3 36. Nd7 Qd8 37. Rxe4 Rxe4 38. Kxf3 Re6 39. Nb6 Rf6+ 40. Kg4 Rxf2 0-1

[Event "50th Rilton Cup 2022-23"]
[Site "Stockholm SWE"]
[Date "2022.12.27"]
[Round "1.37"]
[White "Milikow, Elie"]
[Black "Larsen, Karsten"]
[Result "1/2-1/2"]
[WhiteTitle "FM"]
[BlackTitle "FM"]
[WhiteElo "2427"]
[BlackElo "2248"]
[WhiteFideId "371281868"]
[BlackFideId "1404288"]
[EventDate "2022.12.27"]

1. e4 e5 2. Nf3 Nc6 3. Bb5 a6 4. Ba4 Nf6 5. O-O b5 6. Bb3 Bc5 7. a4 Rb8 8. c3 d6
9. d4 Bb6 10. a5 Ba7 11. h3 O-O 12. Be3 Ra8 13. Nbd2 Bb7 14. d5 Ne7 15. Qe2 Ng6
16. Bxa7 Rxa7 17. c4 c6 18. dxc6 Bxc6 19. Qe3 Qa8 20. Rfe1 Rc8 21. Rac1 Rac7 22.
Kh2 Bd7 23. g3 Rc5 24. Qd3 Qb8 25. Ba2 Be6 26. Ng5 bxc4 27. Nxc4 d5 28. exd5
Bxd5 29. Rc3 e4 30. Nxe4 Nxe4 31. Rxe4 Bxe4 32. Qxe4 Re8 33. Qd4 Rc6 34. Rf3 Qd8
35. Qxd8 Rxd8 36. Kg2 Kf8 37. h4 Rf6 38. Rc3 Rc6 39. Rf3 Rf6 40. Rb3 Ne7 41. Ne5
Nc6 42. Nc4 Rb8 43. Nb6 Rd8 44. Nc4 Rb8 45. Nb6 1/2-1/2

[Event "50th Rilton Cup 2022-23"]
[Site "Stockholm SWE"]
[Date "2022.12.27"]
[Round "1.38"]
[White "Rakshitta, Ravi"]
[Black "Oratovsky, Michael"]
[Result "0-1"]
[WhiteTitle "WIM"]
[BlackTitle "GM"]
[WhiteElo "2242"]
[BlackElo "2422"]
[WhiteFideId "25073230"]
[BlackFideId "2802090"]
[EventDate "2022.12.27"]

1. Nf3 c5 2. c4 Nc6 3. d4 cxd4 4. Nxd4 g6 5. e4 Nf6 6. Nc3 d6 7. Be2 Nxd4 8.
Qxd4 Bg7 9. Be3 O-O 10. Qd2 a5 11. f3 a4 12. O-O Qa5 13. Rab1 Be6 14. Nd5 Qxd2
15. Nxe7+ Kh8 16. Bxd2 Rfe8 17. Nd5 Nxd5 18. cxd5 Bxd5 19. b3 axb3 20. axb3 Ra2
21. Rfd1 f5 22. Bb5 Bc6 23. Bxc6 bxc6 24. Bf4 fxe4 25. Rxd6 exf3 26. gxf3 c5 27.
Rd2 Rxd2 28. Bxd2 Re2 29. Bf4 Bd4+ 30. Kh1 Kg7 31. Rc1 Re6 32. Bd2 Rb6 33. Rb1
c4 34. b4 c3 35. Bf4 c2 36. Rc1 Rc6 37. b5 Rc4 38. Rf1 Rb4 39. Rc1 Rc4 40. Rf1
Kf6 41. Kg2 Kf5 42. Bd2 Bb6 43. Rc1 Bc5 44. h3 Ba3 45. Ra1 c1=Q 46. Bxc1 Bxc1
47. b6 Rc2+ 48. Kg3 Bf4+ 49. Kh4 Rc4 50. Ra5+ Kf6 0-1

[Event "50th Rilton Cup 2022-23"]
[Site "Stockholm SWE"]
[Date "2022.12.27"]
[Round "1.39"]
[White "Milikow, Yoav"]
[Black "Lye, Lik Zang"]
[Result "1-0"]
[WhiteTitle "IM"]
[BlackTitle "FM"]
[WhiteElo "2416"]
[BlackElo "2241"]
[WhiteFideId "2822237"]
[BlackFideId "5712181"]
[EventDate "2022.12.27"]

1. d4 d5 2. c4 c6 3. Nf3 Nf6 4. g3 g6 5. Bg2 Bg7 6. O-O O-O 7. a4 Bf5 8. Nc3
dxc4 9. a5 Na6 10. Qa4 Qd6 11. Qxc4 Qb4 12. Qxb4 Nxb4 13. Bd2 Rfd8 14. Rfc1 Rac8
15. h3 Nbd5 16. Na4 Ne4 17. Be1 Nd6 18. e3 Be4 19. Nc5 Bxf3 20. Bxf3 e5 21. a6
b6 22. Nb7 Nxb7 23. axb7 Rb8 24. Rxa7 exd4 25. Rxc6 Ne7 26. Rc7 Nf5 27. Ra8 Nd6
28. Bb4 Nxb7 29. Rxb8 Rxb8 30. Bxb7 dxe3 31. fxe3 Bxb2 32. Bd5 Rd8 33. e4 Be5
34. Rxf7 Kh8 35. Kg2 Rc8 36. Rf8+ Rxf8 37. Bxf8 h5 38. Bh6 Kh7 39. Bf4 Bd4 40.
Bd6 Kg7 41. e5 1-0

[Event "50th Rilton Cup 2022-23"]
[Site "Stockholm SWE"]
[Date "2022.12.27"]
[Round "1.40"]
[White "Lever, Erwan"]
[Black "Richter, Nils"]
[Result "0-1"]
[BlackTitle "FM"]
[WhiteElo "2241"]
[BlackElo "2416"]
[WhiteFideId "20640099"]
[BlackFideId "12990809"]
[EventDate "2022.12.27"]

1. d4 Nf6 2. c4 e6 3. g3 d5 4. Nf3 Be7 5. Bg2 O-O 6. O-O Nbd7 7. Qc2 c6 8. Rd1
b6 9. b3 Ba6 10. Nbd2 c5 11. e4 dxc4 12. d5 exd5 13. exd5 cxb3 14. axb3 Bb7 15.
Nc4 Bxd5 16. Bb2 Qc7 17. Qc3 Bc6 18. Ne3 Rfe8 19. Nf5 Nf8 20. Bh3 Ng6 21. Re1
Bf8 22. Nh6+ gxh6 23. Qxf6 Bxf3 24. Qxf3 Bg7 25. Bxg7 Kxg7 26. Qc3+ Kg8 27. Qd2
h5 28. Qh6 h4 29. Bg2 Rad8 30. f4 Qd7 31. Rxe8+ Rxe8 32. Rf1 Qd4+ 33. Kh1 Qd2
34. gxh4 Re1 35. h5 Qf2 36. Rg1 Rxg1# 0-1

[Event "50th Rilton Cup 2022-23"]
[Site "Stockholm SWE"]
[Date "2022.12.27"]
[Round "1.41"]
[White "Sokolovsky, Yahli"]
[Black "Acikel, Mert"]
[Result "1-0"]
[WhiteTitle "IM"]
[BlackTitle "FM"]
[WhiteElo "2415"]
[BlackElo "2234"]
[WhiteFideId "2820242"]
[BlackFideId "12956465"]
[EventDate "2022.12.27"]

1. e4 e5 2. Nf3 Nc6 3. Bb5 a6 4. Ba4 Nf6 5. O-O Be7 6. Re1 b5 7. Bb3 O-O 8. a4
Bb7 9. d3 Na5 10. Ba2 b4 11. Nxe5 d5 12. Nd2 dxe4 13. dxe4 Nxe4 14. Nxf7 Qd4 15.
Nxe4 Qxd1 16. Rxd1 b3 17. cxb3 Kxf7 18. b4+ Kg6 19. Nc5 Bc8 20. Nd3 Nb7 21. Nf4+ 1-0

[Event "50th Rilton Cup 2022-23"]
[Site "Stockholm SWE"]
[Date "2022.12.27"]
[Round "1.42"]
[White "Dobrikov, Marco"]
[Black "Moksh, Amit Doshi"]
[Result "1-0"]
[WhiteTitle "FM"]
[BlackTitle "IM"]
[WhiteElo "2228"]
[BlackElo "2414"]
[WhiteFideId "12950378"]
[BlackFideId "25064967"]
[EventDate "2022.12.27"]

1. c4 Nf6 2. Nc3 e5 3. Nf3 Nc6 4. e4 Bb4 5. d3 d6 6. a3 Bc5 7. b4 Bb6 8. Na4 Bd4
9. Nxd4 Nxd4 10. Be2 c6 11. O-O a5 12. Be3 O-O 13. Bxd4 exd4 14. c5 Be6 15. f4
axb4 16. axb4 dxc5 17. bxc5 Qe7 18. Qc2 Ra5 19. Qb2 Rd8 20. Rfb1 g6 21. Bd1 Rb5
22. Qd2 Nd7 23. Rxb5 cxb5 24. Nb6 Nxc5 25. Rb1 Qe8 26. f5 Qc6 27. fxe6 Qxb6 28.
exf7+ Kxf7 29. Qg5 b4 30. Rc1 Rc8 31. Bb3+ Ke8 32. Qe5+ Kd8 33. Qd5+ Ke8 34.
Qf7+ Kd8 35. Qf8+ Kd7 36. Ba4+ Nxa4 37. Qxc8+ Kd6 38. e5+ 1-0

[Event "50th Rilton Cup 2022-23"]
[Site "Stockholm SWE"]
[Date "2022.12.27"]
[Round "1.43"]
[White "Percivaldi, Martin"]
[Black "Katkov, Michelle"]
[Result "1-0"]
[WhiteTitle "IM"]
[BlackTitle "WFM"]
[WhiteElo "2412"]
[BlackElo "2220"]
[WhiteFideId "1508148"]
[BlackFideId "2816393"]
[EventDate "2022.12.27"]

1. Nf3 Nf6 2. g3 d5 3. Bg2 c6 4. O-O Bg4 5. h3 Bh5 6. d3 Nbd7 7. Nbd2 e5 8. e4
dxe4 9. dxe4 Bc5 10. Qe1 O-O 11. Nh4 Bg6 12. Nb3 Bb6 13. a4 a5 14. Be3 Bxe3 15.
Qxe3 Qb6 16. Qxb6 Nxb6 17. Nxg6 hxg6 18. Rfd1 Nbd7 19. Rd3 Rfb8 20. Rad1 b5 21.
Ra1 Nb6 22. axb5 a4 23. Nc5 cxb5 24. b4 Nc4 25. Bf1 Ne8 26. Rd5 Ned6 27. Nd7 Rb7
28. Nxe5 Nxe5 29. Rxe5 Rc8 30. Bd3 Nc4 31. Rd5 Rb6 32. Kf1 Kf8 33. Ke2 Nb2 34.
Bxb5 Rxc2+ 35. Kf1 Nc4 36. Rxa4 Nd6 37. Rxd6 Rxb5 38. Rd7 Kg8 39. Raa7 Rxb4 40.
Rxf7 Rbb2 41. Rxg7+ Kh8 42. Rgf7 Kg8 43. h4 Re2 44. Kg2 Rbc2 45. Rf6 1-0

[Event "50th Rilton Cup 2022-23"]
[Site "Stockholm SWE"]
[Date "2022.12.27"]
[Round "1.44"]
[White "Buchenau, Frank"]
[Black "Bai, Adelard"]
[Result "0-1"]
[WhiteTitle "FM"]
[BlackTitle "FM"]
[WhiteElo "2218"]
[BlackElo "2411"]
[WhiteFideId "4604350"]
[BlackFideId "16301188"]
[EventDate "2022.12.27"]

1. e4 e5 2. Bc4 Nf6 3. d3 Nc6 4. Nf3 h6 5. O-O d6 6. c3 g5 7. Re1 Bg7 8. d4 g4
9. dxe5 Nd7 10. Nd4 Ndxe5 11. Bf1 Qf6 12. Na3 Bd7 13. Nab5 O-O-O 14. Be3 Kb8 15.
a4 h5 16. Qd2 Bh6 17. Bxh6 Rxh6 18. Qe3 h4 19. Red1 g3 20. Nxc6+ Nxc6 21. f4
gxh2+ 22. Kxh2 Rg6 23. Rd5 Rg3 24. Qd2 Rdg8 25. e5 Qh8 26. Rd3 h3 27. gxh3 Bxh3
28. Rxg3 Bxf1+ 0-1